| 000 | 00518nam a2200181Ia 4500 | ||
|---|---|---|---|
| 008 | 090124s9999 xx 000 0 und d | ||
| 082 | _b20580 | ||
| 100 | _aकेळकर न. चि. | ||
| 245 | _a मराठे व इंग्रज | ||
| 250 | _a2 | ||
| 260 | _c1963 | ||
| 300 | _a298+24 | ||
| 600 | _aकेळकर न. चि. | ||
| 630 | _a मराठे व इंग्रज | ||
| 700 | _aकेळकर न. चि. | ||
| 730 | _a मराठे व इंग्रज | ||
| 942 | _cBOOK | ||
| 999 |
_c134384 _d134384 |
||